• 首页
  • 本馆介绍
  • 公告通知
  • 最新文献
  • 馆藏检索
  • 电子资源
  • 读者导购
  • 参考咨询
  • 我的图书馆
  • 登录
  • 详细信息显示
  • 放入我的书架
  • 预约/预借图书
  • 作者相关作品
  • 分类相关作品
  • 丛书相关作品
  • 出版社相关作品

书目信息

  • 表格格式
  • 工作单格式
  • 卡片格式
题名:
国外风冷柴油机
    
 
作者: ;天津内燃机研究所 编译
分册:  
出版信息: 北京   机械工业出版社  1973
页数: 482页
开本: 20cm
丛书名:
单 册:
中图分类: TK42
科图分类:
主题词: 柴油机
电子资源:
ISBN:
000 00634nam0 2200217 450
001 0633032922
005 20060726091314.25
010    @dCNY1.85
091    @a15033.4174
100    @a20060726d1973 km y0chiy0120 ea
101 0  @achi
102    @aCN@b110000
102    @aCN@b110000
200 1  @a国外风冷柴油机@Aguo wai feng leng chai you ji@f天津内燃机研究所编译@Ftian jin nei ran ji yan jiu suo bian yi
210    @a北京@c机械工业出版社@d1973
215    @a482页@d20cm
606 0  @a柴油机
690    @aTK42@v3
711  0 @a天津内燃机研究所@Atian jin nei ran ji yan jiu suo@4编译
801  0 @aCN@bNISOFT@c20060726
905    @dTK42@e52
    
    国外风冷柴油机/天津内燃机研究所编译.-北京:机械工业出版社,1973
    482页;20cm
    
    
    ISBN :CNY1.85
    
●
相关链接 在E读中查询图书 在五车中查询图书 在当当中查询图书 在豆瓣中查询图书


正题名:国外风冷柴油机     索取号:TK42/52         预约/预借

序号 登录号 条形码 馆藏地/架位号 状态 备注
1 0438519   204385192   密集书库/ [索取号:TK42/52] 在馆    
唐山师范学院图书馆 欢迎您!
大连网信软件有限公司© 版权所有